[Event "Valentine's Day op"]
[Site "Toronto CAN"]
[Date "2002.02.16"]
[Round "2"]
[White "Day, Lawrence"]
[Black "Powell, Bryson"]
[Result "1-0"]
[WhiteElo "2484"]
[BlackElo "2032"]
[PlyCount "25"]
[EventDate "2002.02.15"]
[EventType "swiss"]
[EventRounds "5"]
[EventCountry "CAN"]

1. e4 d5 2. Nc3 Nf6 3. e5 d4 4. Nce2 Ng4 5. f4 h5 6. Nf3 d3 7. cxd3 Bf5 8. Ned4
Bd7 9. Qb3 Nc6 10. h3 Nh6 11. Qxb7 Na5 12. Qa6 c6 13. b4 1-0

[Event "Valentine's Day op"]
[Site "Toronto CAN"]
[Date "2002.02.16"]
[Round "2"]
[White "Divljan, Igor"]
[Black "Teplitsky, Yan"]
[Result "0-1"]
[WhiteElo "2236"]
[BlackElo "2526"]
[PlyCount "82"]
[EventDate "2002.02.15"]
[EventType "swiss"]
[EventRounds "5"]
[EventCountry "CAN"]

1. d4 g6 2. c4 Bg7 3. e4 d6 4. h3 Nf6 5. Nc3 O-O 6. Nf3 Na6 7. Be3 Qe8 8. Be2
e5 9. d5 Nh5 10. Nh2 Nf4 11. Bf3 Nc5 12. Bxc5 dxc5 13. h4 f5 14. g3 Nh5 15. Qd2
Nf6 16. O-O-O Rf7 17. Kb1 Qf8 18. Ka1 a5 19. h5 gxh5 20. exf5 Bxf5 21. Qg5 Bg6
22. g4 Nxg4 23. Bxg4 hxg4 24. Nxg4 Rf5 25. Qh4 Rh5 26. Qg3 Qf4 27. Qg2 Rg5 28.
Rh4 Rf8 29. d6 cxd6 30. Qd5+ Qf7 31. Qxd6 Qf3 32. Qe6+ Qf7 33. Qd6 Qf3 34. Qe6+
Kh8 35. Rdh1 Qf5 36. Qxf5 Bxf5 37. f3 Bg6 38. Ne4 Rgf5 39. Nxc5 Rxf3 40. a3 e4
41. Ne6 R8f7 0-1

[Event "Valentine's Day op"]
[Site "Toronto CAN"]
[Date "2002.02.16"]
[Round "2"]
[White "Stevens, Christian"]
[Black "Raheb, David"]
[Result "1-0"]
[WhiteElo "2117"]
[BlackElo "2248"]
[PlyCount "79"]
[EventDate "2002.02.15"]
[EventType "swiss"]
[EventRounds "5"]
[EventCountry "CAN"]

1. c4 e5 2. Nc3 Nf6 3. g3 Bb4 4. Bg2 c6 5. e4 O-O 6. Nge2 d6 7. O-O Bg4 8. h3
Be6 9. d3 Qd7 10. Kh2 Ne8 11. f4 Bxc3 12. Nxc3 f6 13. b3 Na6 14. d4 exd4 15.
Qxd4 Nb4 16. Rf2 f5 17. Bb2 Nf6 18. Rd1 Rad8 19. Rfd2 fxe4 20. Qxd6 e3 21.
Qxf8+ Rxf8 22. Rxd7 Bxd7 23. g4 Re8 24. Bf3 e2 25. Nxe2 Re3 26. Bxf6 gxf6 27.
Rxd7 Rxf3 28. Kg2 Re3 29. Ng3 Nd3 30. Nh5 f5 31. Rxb7 Re2+ 32. Kf3 Rxa2 33.
Nf6+ Kf8 34. Nxh7+ Ke8 35. g5 Ne1+ 36. Kg3 Rg2+ 37. Kh4 Rf2 38. g6 Rg2 39. g7
Nf3+ 40. Kh5 1-0

[Event "Valentine's Day op"]
[Site "Toronto CAN"]
[Date "2002.02.16"]
[Round "2"]
[White "Urquhart, Eddie"]
[Black "Findlay, Ian"]
[Result "1/2-1/2"]
[WhiteElo "2230"]
[BlackElo "2387"]
[PlyCount "31"]
[EventDate "2002.02.15"]
[EventType "swiss"]
[EventRounds "5"]
[EventCountry "CAN"]

1. d4 Nf6 2. Nf3 c5 3. c3 e6 4. Bf4 d5 5. e3 Nc6 6. Be2 Bd6 7. Bxd6 Qxd6 8.
Nbd2 O-O 9. O-O b6 10. Bb5 Bb7 11. Re1 Rfd8 12. h3 Nd7 13. Qb1 e5 14. Bxc6 Bxc6
15. Qf5 Re8 16. Rad1 1/2-1/2

[Event "Valentine's Day op"]
[Site "Toronto CAN"]
[Date "2002.02.16"]
[Round "3"]
[White "Day, Lawrence"]
[Black "Miller, Evgeny"]
[Result "1/2-1/2"]
[WhiteElo "2484"]
[BlackElo "2222"]
[PlyCount "88"]
[EventDate "2002.02.15"]
[EventType "swiss"]
[EventRounds "5"]
[EventCountry "CAN"]

1. e4 c6 2. d3 d5 3. Nd2 e5 4. Ngf3 Bd6 5. Qe2 Qe7 6. g3 Nf6 7. Bg2 O-O 8. O-O
Bg4 9. h3 Bh5 10. g4 Bg6 11. Nh4 dxe4 12. dxe4 Nbd7 13. Nc4 Bc5 14. Nf5 Bxf5
15. exf5 Nd5 16. g5 Rfe8 17. Be4 Nf4 18. Qg4 f6 19. g6 hxg6 20. fxg6 Qe6 21.
Qxe6+ Nxe6 22. c3 Nf4 23. Bf5 Nf8 24. Bxf4 exf4 25. b4 Bb6 26. Nd6 Re5 27. Rae1
Nxg6 28. Bxg6 Rg5+ 29. Kh2 Rxg6 30. Nxb7 Bc7 31. f3 Be5 32. Re4 Rb8 33. Na5 Rd8
34. Rf2 Bxc3 35. Nxc6 f5 36. Rc4 Be1 37. Ne7+ Kh7 38. Nxg6 Bxf2 39. Nxf4 Rd2
40. a4 g5 41. Ng2 f4 42. h4 Bxh4 43. Kh3 Bf2 44. Kg4 Bb6 1/2-1/2

[Event "Valentine's Day op"]
[Site "Toronto CAN"]
[Date "2002.02.16"]
[Round "3"]
[White "Findlay, Ian"]
[Black "Kret, Ted"]
[Result "1-0"]
[WhiteElo "2387"]
[BlackElo "2208"]
[PlyCount "108"]
[EventDate "2002.02.15"]
[EventType "swiss"]
[EventRounds "5"]
[EventCountry "CAN"]

1. e4 e6 2. d4 d5 3. Nd2 Nf6 4. e5 Nfd7 5. Bd3 c5 6. c3 Nc6 7. Ne2 cxd4 8. cxd4
f6 9. exf6 Nxf6 10. Nf3 Bd6 11. O-O Qc7 12. Nc3 a6 13. Bg5 O-O 14. Bh4 Nh5 15.
Bg3 Nxg3 16. hxg3 g6 17. a3 Qg7 18. Bc2 Bd7 19. Qd3 Rf7 20. Rae1 Raf8 21. Qe3
Rxf3 22. gxf3 Nxd4 23. Bd1 g5 24. Kg2 Bf4 25. Qd3 e5 26. Bb3 Nxb3 27. Qxd5+ Kh8
28. Qxb3 Bd2 29. Re2 Bxc3 30. Qxc3 Bc6 31. Re3 g4 32. Qxe5 Bxf3+ 33. Kg1 Qxe5
34. Rxe5 Rf6 35. Rh5 Rc6 36. Re1 Kg7 37. Rf5 Rc2 38. Re7+ Kg6 39. Rxf3 gxf3 40.
Rxb7 Rc1+ 41. Kh2 Rf1 42. g4 Rxf2+ 43. Kg3 Rc2 44. Kxf3 a5 45. a4 Rc4 46. b3
Rc3+ 47. Kf4 h6 48. Rb6+ Kg7 49. Rb5 Kf6 50. Rxa5 Rxb3 51. Rb5 Ra3 52. Rb6+ Kg7
53. Rb4 Kg6 54. Ke5 Rd3 1-0

[Event "Valentine's Day op"]
[Site "Toronto CAN"]
[Date "2002.02.16"]
[Round "3"]
[White "Mitrovic, Bojana"]
[Black "Urquhart, Eddie"]
[Result "0-1"]
[WhiteElo "2171"]
[BlackElo "2230"]
[PlyCount "146"]
[EventDate "2002.02.15"]
[EventType "swiss"]
[EventRounds "5"]
[EventCountry "CAN"]

1. Nf3 Nf6 2. g3 e6 3. Bg2 c5 4. O-O Nc6 5. c4 Be7 6. d4 cxd4 7. Nxd4 O-O 8.
Nc3 a6 9. e4 Qc7 10. h3 d6 11. Be3 Bd7 12. Rc1 Nxd4 13. Bxd4 Rac8 14. Re1 e5
15. Be3 Bc6 16. Qd3 Qb8 17. a4 a5 18. b3 Nd7 19. Nd5 Bxd5 20. Qxd5 Nc5 21. Rb1
Qc7 22. Qd1 Rfe8 23. Bd2 b6 24. h4 Rcd8 25. Bh3 Bf8 26. h5 Be7 27. Bf5 Bf6 28.
Kg2 Ne6 29. Qc1 Nd4 30. Bh3 Qe7 31. b4 axb4 32. Rxb4 Qc7 33. Qb2 Ra8 34. Ra1
Ra6 35. Kh1 Rea8 36. Be3 h6 37. Bf1 Qc6 38. Bd3 Bd8 39. Bxd4 exd4 40. Qb3 Ra5
41. Rb5 Qd7 42. Kg2 Qe6 43. Qd1 Qe8 44. Bc2 Qc6 45. Qd3 Rc8 46. Bb3 Bf6 47. Rb1
Rxb5 48. axb5 Qc5 49. Qf3 Qe5 50. Rc1 Rc5 51. Bd1 Rc8 52. Be2 Ra8 53. Rc2 Ra1
54. Bd3 Ra3 55. Rd2 Ra1 56. Qf5 Qxf5 57. exf5 Rc1 58. Kf3 Kf8 59. Ke4 Ke7 60.
Ra2 Kd7 61. Ra7+ Ke8 62. Rb7 Bd8 63. Kxd4 Rd1 64. Ke3 Re1+ 65. Be2 Ra1 66. Bf3
Ra3+ 67. Kf4 Ra2 68. Bc6+ Kf8 69. f3 Re2 70. Bd5 Re7 71. Rb8 Re8 72. Bc6 Bg5+
73. Kg4 Rxb8 0-1

[Event "Valentine's Day op"]
[Site "Toronto CAN"]
[Date "2002.02.16"]
[Round "3"]
[White "Teplitsky, Yan"]
[Black "Stevens, Christian"]
[Result "1/2-1/2"]
[WhiteElo "2526"]
[BlackElo "2387"]
[PlyCount "64"]
[EventDate "2002.02.15"]
[EventType "swiss"]
[EventRounds "5"]
[EventCountry "CAN"]
[Source "CFC"]
[SourceDate "2002.04.??"]

1. Nf3 d5 2. c4 e6 3. g3 Be7 4. Bg2 Nf6 5. O-O O-O 6. b3 a5 7. Nc3 b6 8. Bb2
Bb7 9. e3 Nbd7 10. d4 dxc4 11. bxc4 Bb4 12. Na4 Bd6 13. Rc1 Qe7 14. Qb3 Rab8
15. Rfd1 Ba8 16. Ne5 Bxg2 17. Kxg2 Bxe5 18. dxe5 Ne4 19. Ba3 Ndc5 20. Nxc5 Nxc5
21. Qb5 Rfc8 22. Rb1 c6 23. Bxc5 Qxc5 24. Qxc5 bxc5 25. Rxb8 Rxb8 26. Rd7 Kf8
27. Rc7 Rb2 28. Rxc6 Rxa2 29. Rxc5 h5 30. Rc8+ Ke7 31. Rc7+ Ke8 32. h4 a4
1/2-1/2

[Event "Valentine's Day op"]
[Site "Toronto CAN"]
[Date "2002.02.17"]
[Round "4"]
[White "Stevens, Christian"]
[Black "Findlay, Ian"]
[Result "1/2-1/2"]
[WhiteElo "2117"]
[BlackElo "2387"]
[PlyCount "34"]
[EventDate "2002.02.15"]
[EventType "swiss"]
[EventRounds "5"]
[EventCountry "CAN"]

1. c4 Nf6 2. Nc3 e6 3. d4 Bb4 4. a3 Bxc3+ 5. bxc3 c5 6. f3 Qa5 7. Bd2 d6 8. d5
O-O 9. e4 Re8 10. Qb3 Nbd7 11. Bf4 Nb6 12. Be2 e5 13. Be3 Bd7 14. Bd3 Ba4 15.
Qb2 Qa6 16. Qa2 Nbd7 17. Ne2 h6 1/2-1/2

[Event "Valentine's Day op"]
[Site "Toronto CAN"]
[Date "2002.02.17"]
[Round "4"]
[White "Urquhart, Eddie"]
[Black "Teplitsky, Yan"]
[Result "0-1"]
[WhiteElo "2230"]
[BlackElo "2526"]
[PlyCount "78"]
[EventDate "2002.02.15"]
[EventType "swiss"]
[EventRounds "5"]
[EventCountry "CAN"]

1. e4 c5 2. Nc3 Nc6 3. f4 e6 4. Nf3 Nge7 5. d3 d5 6. g3 g6 7. Bg2 Bg7 8. O-O b6
9. h3 dxe4 10. Nxe4 Bb7 11. Qe2 O-O 12. g4 Rc8 13. c3 Ba6 14. Rd1 Rc7 15. Bf1
Rd7 16. Ne1 Nd5 17. Qf2 f5 18. Ng5 Qf6 19. c4 Nde7 20. Ngf3 fxg4 21. hxg4 Bxc4
22. Bd2 Bd5 23. Rab1 Bxa2 24. Ra1 Bb3 25. Rdc1 e5 26. Bh3 Qd6 27. Qh2 exf4 28.
Bc3 Nd4 29. Ng5 f3 30. Qxd6 f2+ 31. Kh2 Rxd6 32. Ng2 Bh6 33. Ne4 Bxc1 34. Rxc1
f1=Q 35. Rxf1 Rxf1 36. Nxd6 Nd5 37. g5 Nxc3 38. bxc3 Nf5 39. Ne4 Kg7 0-1

[Event "Valentine's Day op U2100"]
[Site "Toronto CAN"]
[Date "2002.02.15"]
[Round "1"]
[White "Noritsyn, Nikolay"]
[Black "Nemati, Omid"]
[Result "1-0"]
[WhiteElo "2057"]
[BlackElo "1837"]
[PlyCount "119"]
[EventDate "2002.02.15"]
[EventType "swiss"]
[EventRounds "5"]
[EventCountry "CAN"]

1. e4 d5 2. exd5 Qxd5 3. Nc3 Qa5 4. d4 c6 5. Bc4 Nf6 6. Nf3 Bg4 7. h3 Bh5 8. g4
Bg6 9. Ne5 e6 10. Bd2 Qc7 11. Nxg6 hxg6 12. Qe2 Be7 13. O-O-O Nbd7 14. Qf3 Rf8
15. Rhe1 O-O-O 16. Bb3 Nb6 17. g5 Nfd5 18. Ne4 f6 19. gxf6 gxf6 20. c4 Nb4 21.
a3 Na6 22. Bc3 f5 23. Ng3 Bg5+ 24. Kb1 Rde8 25. Ne2 Qf7 26. Qg3 Bf6 27. f4 Nc7
28. Ng1 Nd7 29. Nf3 c5 30. Ne5 Nxe5 31. dxe5 Be7 32. Rg1 Rg8 33. h4 Rg7 34. Rd2
Reg8 35. Rdg2 Rh8 36. Rh2 Rhg8 37. Bd2 Kb8 38. Rhg2 Rh8 39. Rh2 Rhg8 40. Bd1
Ka8 41. Rhg2 Ne8 42. Bf3 Bd8 43. Be3 Qe7 44. Bf2 Rf8 45. Rd1 Bb6 46. Be1 Qc7
47. Rgd2 a6 48. Rd3 Rff7 49. Kc1 Ka7 50. Qg5 Ba5 51. Bf2 Rd7 52. Kc2 Rxd3 53.
Rxd3 Rd7 54. Rxd7 Qxd7 55. Bxc5+ b6 56. Qe7 Qxe7 57. Bxe7 Be1 58. h5 gxh5 59.
Bxh5 Ng7 60. Bf7 1-0

[Event "Valentine's Day op U2100"]
[Site "Toronto CAN"]
[Date "2002.02.16"]
[Round "2"]
[White "Armstrong, Robert J"]
[Black "Hier, David"]
[Result "1-0"]
[WhiteElo "1751"]
[BlackElo "1837"]
[PlyCount "63"]
[EventDate "2002.02.15"]
[EventType "swiss"]
[EventRounds "5"]
[EventCountry "CAN"]

1. g3 Nf6 2. Bg2 d5 3. d3 Bf5 4. Nc3 e6 5. a3 c6 6. Bd2 Nbd7 7. e4 Bg6 8. f4
Nb6 9. g4 h6 10. Qf3 dxe4 11. dxe4 Nc4 12. Bc1 Qa5 13. f5 exf5 14. exf5 Qe5+
15. Nge2 Bh7 16. Bf4 Qc5 17. Ne4 Qa5+ 18. c3 Nd5 19. b4 Qb6 20. Nd4 Be7 21. O-O
O-O 22. Kh1 a5 23. Bxh6 gxh6 24. Qh3 Nce3 25. f6 Nxf1 26. Rxf1 Bxe4 27. Bxe4
Nxf6 28. Qxh6 Nxe4 29. Nf5 Bf6 30. g5 c5 31. gxf6 Qxf6 32. Rg1+ 1-0

[Event "Valentine's Day op U2100"]
[Site "Toronto CAN"]
[Date "2002.02.16"]
[Round "2"]
[White "Haley, Phil"]
[Black "Dutton, Warren"]
[Result "0-1"]
[WhiteElo "1876"]
[BlackElo "1988"]
[PlyCount "110"]
[EventDate "2002.02.15"]
[EventType "swiss"]
[EventRounds "5"]
[EventCountry "CAN"]

1. d4 Nf6 2. Bg5 c5 3. d5 g6 4. c4 Bg7 5. Nc3 O-O 6. e4 d6 7. h3 h6 8. Bh4 Qa5
9. Bd3 Nbd7 10. f4 Nh5 11. Nge2 Re8 12. O-O a6 13. g4 Nhf6 14. Bg3 Nh7 15. Kg2
Rb8 16. a4 Qc7 17. b3 Ndf6 18. e5 Nxg4 19. hxg4 Bxg4 20. Rc1 dxe5 21. Qe1 Qd7
22. Rh1 e6 23. Qf2 exd5 24. Nxd5 e4 25. Bc2 Bf3+ 26. Kg1 Bxh1 27. Kxh1 Rbc8 28.
Kg2 Rc6 29. Rd1 Qg4 30. Ne3 Qc8 31. Qe1 Nf6 32. Nc3 Nh5 33. Ncd5 Nxg3 34. Qxg3
f5 35. Kf2 Kf7 36. Rg1 Qe6 37. Ke2 Rg8 38. Ke1 Ke8 39. Ke2 Kd8 40. Ke1 Kc8 41.
Ke2 Kb8 42. Qh4 Re8 43. Qh3 Ka7 44. Rg3 Rf8 45. Rg1 b6 46. Qf1 Bd4 47. Qe1 g5
48. Rf1 Qf7 49. Rh1 Bxe3 50. Kxe3 Qg7 51. Qc3 gxf4+ 52. Kf2 e3+ 53. Ke2 Qg2+
54. Kd3 Rf7 55. Qe1 Qe4+ 0-1

[Event "Valentine's Day op U2100"]
[Site "Toronto CAN"]
[Date "2002.02.16"]
[Round "2"]
[White "Mills, Morgon"]
[Black "Ollers, Ian"]
[Result "1-0"]
[WhiteElo "1686"]
[BlackElo "1783"]
[PlyCount "35"]
[EventDate "2002.02.15"]
[EventType "swiss"]
[EventRounds "5"]
[EventCountry "CAN"]

1. e4 c5 2. Nf3 d6 3. d4 cxd4 4. Nxd4 Nf6 5. Nc3 a6 6. f4 e5 7. Nf3 Qc7 8. Bd3
Be7 9. O-O O-O 10. Kh1 b5 11. fxe5 dxe5 12. Qe1 Bb7 13. Qg3 Re8 14. Bh6 Bf8 15.
Bg5 Nbd7 16. Nh4 b4 17. Bxf6 bxc3 18. Bxg7 1-0

[Event "Valentine's Day op U2100"]
[Site "Toronto CAN"]
[Date "2002.02.16"]
[Round "3"]
[White "Dutton, Warren"]
[Black "Pleau, Derek"]
[Result "1/2-1/2"]
[WhiteElo "1988"]
[BlackElo "1904"]
[PlyCount "29"]
[EventDate "2002.02.15"]
[EventType "swiss"]
[EventRounds "5"]
[EventCountry "CAN"]

1. e4 c5 2. Nf3 d6 3. d4 cxd4 4. Nxd4 Nf6 5. Nc3 a6 6. a4 e5 7. Nb3 Be7 8. Be2
O-O 9. O-O Be6 10. Be3 Nbd7 11. Nd2 Qc7 12. Bf3 Rac8 13. g4 Rfd8 14. g5 Ne8 15.
Kh1 1/2-1/2

[Event "Valentine's Day op U2100"]
[Site "Toronto CAN"]
[Date "2002.02.16"]
[Round "3"]
[White "Noritsyn, Nikolay"]
[Black "Richardson, Ross"]
[Result "1-0"]
[WhiteElo "2057"]
[BlackElo "1998"]
[PlyCount "135"]
[EventDate "2002.02.15"]
[EventType "swiss"]
[EventRounds "5"]
[EventCountry "CAN"]

1. e4 c6 2. d4 d5 3. e5 Bf5 4. Ne2 e6 5. Ng3 Bg6 6. h4 h6 7. h5 Bh7 8. Bd3 Bxd3
9. Qxd3 Qa5+ 10. Bd2 Qa6 11. Nc3 Qxd3 12. cxd3 Nd7 13. f4 Ne7 14. O-O g6 15.
hxg6 fxg6 16. b4 h5 17. Na4 h4 18. Ne2 b6 19. Rac1 a6 20. Nb2 Ra7 21. Nd1 Nb8
22. Nf2 Nf5 23. Nh3 Be7 24. a4 O-O 25. Kh2 Rc8 26. Rc2 Rac7 27. Rfc1 Nd7 28.
Ng5 Nf8 29. Kh3 Kg7 30. Nf3 Nd7 31. g4 hxg3 32. Nxg3 Rh8+ 33. Kg2 Nb8 34. Nxf5+
gxf5 35. Kf2 Rh6 36. Ke2 Rc8 37. b5 axb5 38. axb5 c5 39. Be3 Nd7 40. Ra2 Rc7
41. dxc5 bxc5 42. Rg1+ Kf7 43. Ng5+ Bxg5 44. Rxg5 d4 45. Bf2 Nb6 46. Ra6 Rb7
47. Kf3 Nd5 48. Rxf5+ exf5 49. Rxh6 Rxb5 50. Rd6 Nb4 51. Rf6+ Ke8 52. Ke2 Ra5
53. Rxf5 Ra2+ 54. Kf3 Nxd3 55. Bxd4 cxd4 56. Ke4 Rd2 57. Kxd4 Nxe5+ 58. Kxe5
Re2+ 59. Kf6 Ra2 60. Re5+ Kd7 61. f5 Rf2 62. Kg6 Rg2+ 63. Kf7 Rh2 64. f6 Kd6
65. Re1 Rg2 66. Kf8 Rf2 67. f7 Rh2 68. Ke8 1-0

[Event "Valentine's Day op U2100"]
[Site "Toronto CAN"]
[Date "2002.02.17"]
[Round "4"]
[White "Blakely, Matt"]
[Black "Dutton, Warren"]
[Result "0-1"]
[WhiteElo "1910"]
[BlackElo "1988"]
[PlyCount "74"]
[EventDate "2002.02.15"]
[EventType "swiss"]
[EventRounds "5"]
[EventCountry "CAN"]

1. d4 Nf6 2. c4 c5 3. Nf3 cxd4 4. Nxd4 g6 5. Nc3 Bg7 6. e4 O-O 7. Be2 d6 8. O-O
Nbd7 9. Be3 Nc5 10. f3 a5 11. b3 h5 12. Rc1 h4 13. Qd2 h3 14. g3 Kh7 15. Rfe1
Bd7 16. Bf1 Qc8 17. Nd5 Nxd5 18. exd5 Rh8 19. Bg5 e5 20. dxe6 Bxd4+ 21. Qxd4
Nxe6 22. Rxe6 Bxe6 23. Bf6 Qc5 24. Bxh8 Rxh8 25. Rd1 a4 26. Kh1 axb3 27. axb3
Ra8 28. Qh4+ Kg7 29. Bxh3 Rh8 30. Qd4+ Qxd4 31. Rxd4 Rxh3 32. Rxd6 Rh8 33. Rb6
Rd8 34. Rxb7 Bh3 35. Kg1 Rd2 36. f4 Rg2+ 37. Kh1 Rf2 0-1

[Event "Valentine's Day op U2100"]
[Site "Toronto CAN"]
[Date "2002.02.17"]
[Round "4"]
[White "Pleau, Derek"]
[Black "Vadachkoriya, Irakli"]
[Result "1-0"]
[WhiteElo "1904"]
[BlackElo "1949"]
[PlyCount "59"]
[EventDate "2002.02.15"]
[EventType "swiss"]
[EventRounds "5"]
[EventCountry "CAN"]

1. e4 c5 2. Nf3 d6 3. d4 cxd4 4. Nxd4 Nf6 5. Nc3 g6 6. f3 Bg7 7. Be3 O-O 8. Bc4
Nc6 9. Qd2 Bd7 10. Bb3 Rc8 11. h4 h5 12. O-O-O Ne5 13. Kb1 Re8 14. Nd5 Nxd5 15.
exd5 a5 16. a3 b5 17. g4 Kh7 18. gxh5 gxh5 19. Rdg1 Bf6 20. c3 Ng6 21. Bc2 Rg8
22. f4 b4 23. Qe2 Bg4 24. Rxg4 hxg4 25. h5 Kg7 26. hxg6 Rh8 27. Nf5+ Kf8 28.
Rxh8+ Bxh8 29. Qxg4 Bg7 30. gxf7 1-0

[Event "Valentine's Day op U2100"]
[Site "Toronto CAN"]
[Date "2002.02.17"]
[Round "4"]
[White "Srinivasan, Gajana"]
[Black "Noritsyn, Nikolay"]
[Result "1-0"]
[WhiteElo "1837"]
[BlackElo "2057"]
[PlyCount "59"]
[EventDate "2002.02.15"]
[EventType "swiss"]
[EventRounds "5"]
[EventCountry "CAN"]

1. e4 e5 2. Nf3 Nc6 3. c3 d5 4. exd5 Qxd5 5. d4 Bg4 6. Be2 e4 7. Ng5 Bxe2 8.
Qxe2 f5 9. O-O O-O-O 10. f3 Nf6 11. fxe4 fxe4 12. Be3 Qd7 13. Nd2 Re8 14. Rf4
Bd6 15. Rh4 Qf5 16. Nf7 Rhf8 17. Nxd6+ cxd6 18. Rf1 Qe6 19. Rhf4 d5 20. c4 Ne7
21. cxd5 Nexd5 22. Rf5 Nxe3 23. Qxe3 Qd6 24. Rc5+ Kb8 25. Nc4 Qd7 26. Rff5 Ng4
27. Qf4+ Ka8 28. Nb6+ axb6 29. Ra5+ bxa5 30. Rxa5# 1-0

[Event "Valentine's Day op U2100"]
[Site "Toronto CAN"]
[Date "2002.02.17"]
[Round "5"]
[White "Noritsyn, Nikolay"]
[Black "Pleau, Derek"]
[Result "1-0"]
[WhiteElo "2057"]
[BlackElo "1904"]
[PlyCount "57"]
[EventDate "2002.02.15"]
[EventType "swiss"]
[EventRounds "5"]
[EventCountry "CAN"]

1. e4 c5 2. Nf3 d6 3. d4 cxd4 4. Nxd4 Nf6 5. Nc3 a6 6. Be3 e5 7. Nb3 Be7 8. Be2
Be6 9. O-O O-O 10. f4 Qc7 11. f5 Bc4 12. Bg5 Bxe2 13. Qxe2 Nbd7 14. a4 Rac8 15.
Rf3 b5 16. axb5 axb5 17. Qxb5 Rb8 18. Qe2 Nb6 19. Rg3 Qc4 20. Qf3 d5 21. Bh6
Nxe4 22. Rxg7+ Kh8 23. Nxe4 dxe4 24. Qh5 Bc5+ 25. Nxc5 Qxc5+ 26. Kh1 Qc6 27.
Rxh7+ Kxh7 28. Bg5+ Kg8 29. f6 1-0

[Event "Vancouver March op"]
[Site "Vancouver CAN"]
[Date "2002.03.01"]
[Round "1"]
[White "Goutor, Valentina"]
[Black "Harper, Bruce"]
[Result "0-1"]
[WhiteElo "1763"]
[BlackElo "2346"]
[PlyCount "68"]
[EventDate "2002.03.01"]
[EventType "swiss"]
[EventRounds "5"]
[EventCountry "CAN"]
[Source "CFC"]
[SourceDate "2002.12.??"]

1. e4 g6 2. d4 d6 3. Nc3 a6 4. Be2 Bg7 5. Nf3 b5 6. a3 Bb7 7. O-O Nd7 8. Be3 e6
9. Qd2 Ngf6 10. Bd3 O-O 11. Bh6 e5 12. Bxg7 Kxg7 13. d5 c6 14. dxc6 Bxc6 15.
Rad1 Nc5 16. Rfe1 Qc7 17. Qe2 Rfe8 18. Nd2 Rad8 19. Nb3 Nxb3 20. cxb3 d5 21.
exd5 Nxd5 22. Nxd5 Bxd5 23. Bc2 Qc6 24. f3 f6 25. Rd2 Bf7 26. Red1 Rxd2 27.
Rxd2 Rd8 28. Rxd8 Qb6+ 29. Kh1 Qxd8 30. b4 Qd4 31. Be4 Bc4 32. Qc2 f5 33. b3
fxe4 34. bxc4 Qa1+ 0-1

[Event "Vancouver March op"]
[Site "Vancouver CAN"]
[Date "2002.03.02"]
[Round "2"]
[White "Harper, Bruce"]
[Black "Yousefzadeh, Mehrdad"]
[Result "1/2-1/2"]
[WhiteElo "2346"]
[BlackElo "2023"]
[PlyCount "130"]
[EventDate "2002.03.01"]
[EventType "swiss"]
[EventRounds "5"]
[EventCountry "CAN"]
[Source "CFC"]
[SourceDate "2002.12.??"]

1. g3 d5 2. Bg2 Nf6 3. d3 Bf5 4. Nd2 e6 5. e4 Bg6 6. Nh3 h6 7. O-O Bc5 8. Kh1
c6 9. Qe2 O-O 10. f4 Re8 11. Bf3 dxe4 12. dxe4 Nbd7 13. Nf2 Qc7 14. Nd3 Bf8 15.
b3 e5 16. Qg2 Rad8 17. Bb2 b5 18. Rad1 Bd6 19. f5 Bh7 20. g4 g5 21. fxg6 Bxg6
22. Qh3 Kg7 23. Bg2 c5 24. c4 a6 25. Rfe1 Nf8 26. Qg3 Ne6 27. Bxe5 Bxe5 28.
Nxe5 Ng5 29. Nxg6 Qxg3 30. hxg3 fxg6 31. cxb5 axb5 32. a4 bxa4 33. bxa4 Nfxe4
34. Nxe4 Rxd1 35. Rxd1 Nxe4 36. Rd7+ Kf6 37. a5 Ke6 38. Rg7 Kf6 39. Rc7 Nf2+
40. Kg1 Nxg4 41. Bb7 Re1+ 42. Kg2 c4 43. a6 Ra1 44. Kf3 h5 45. Ke4 Ne5 46. Kd4
g5 47. Rh7 h4 48. gxh4 gxh4 49. Rxh4 Nd7 50. Rh8 Ke6 51. Bd5+ Kd6 52. Rh6+ Kc7
53. Bxc4 Rd1+ 54. Ke3 Ra1 55. Rh7 Kc6 56. Be2 Ra3+ 57. Kf2 Kd6 58. Rh6+ Kc7 59.
Bb5 Ra5 60. Rc6+ Kb8 61. Be2 Nc5 62. Ke3 Ka7 63. Kd4 Nxa6 64. Rxa6+ Rxa6 65.
Bxa6 Kxa6 1/2-1/2

[Event "Vancouver March op"]
[Site "Vancouver CAN"]
[Date "2002.03.02"]
[Round "3"]
[White "McLaren, Sean"]
[Black "Harper, Bruce"]
[Result "1/2-1/2"]
[WhiteElo "2014"]
[BlackElo "2346"]
[PlyCount "115"]
[EventDate "2002.03.01"]
[EventType "swiss"]
[EventRounds "5"]
[EventCountry "CAN"]
[Source "CFC"]
[SourceDate "2002.12.??"]

1. e4 g6 2. d4 d6 3. Bd3 Nc6 4. c3 e5 5. Ne2 Bg7 6. Be3 Nf6 7. f3 O-O 8. O-O d5
9. Nd2 dxe4 10. Nxe4 Nd5 11. Bf2 exd4 12. Nxd4 Nxd4 13. cxd4 b6 14. Qd2 Bb7 15.
Rfd1 Re8 16. Rac1 Qd7 17. Bc4 Rac8 18. Bh4 Qf5 19. Qg5 Qxg5 20. Bxg5 Kf8 21.
Bxd5 Bxd5 22. Nc3 c6 23. Bf4 Red8 24. Be5 f6 25. Bf4 Re8 26. Kf2 Kf7 27. Rc2
Bf8 28. Rdc1 Be6 29. Ne4 Bf5 30. Rxc6 Rxc6 31. Rxc6 Bxe4 32. fxe4 Rxe4 33. Kf3
Re7 34. Bd6 Rd7 35. Bxf8 Kxf8 36. Rxf6+ Ke7 37. Rf4 Rc7 38. Re4+ Kd6 39. Re2
Kd5 40. Rd2 Rf7+ 41. Kg4 Rf5 42. g3 b5 43. h3 a5 44. b3 h6 45. a3 Ke4 46. h4
h5+ 47. Kh3 Rd5 48. Rc2 Kxd4 49. Rc6 g5 50. hxg5 Rxg5 51. a4 b4 52. Rb6 Kc3 53.
Rb5 Rxb5 54. axb5 a4 55. b6 axb3 56. b7 b2 57. b8=Q b1=Q 58. Qe5+ 1/2-1/2

[Event "Vancouver March op"]
[Site "Vancouver CAN"]
[Date "2002.03.03"]
[Round "4"]
[White "Harper, Bruce"]
[Black "Fekete, Charles"]
[Result "1-0"]
[WhiteElo "2346"]
[BlackElo "1758"]
[PlyCount "83"]
[EventDate "2002.03.01"]
[EventType "swiss"]
[EventRounds "5"]
[EventCountry "CAN"]
[Source "CFC"]
[SourceDate "2002.12.??"]

1. e4 c5 2. Nc3 e6 3. Nf3 Nc6 4. d4 cxd4 5. Nxd4 Nf6 6. Ndb5 Bb4 7. a3 Bxc3+ 8.
Nxc3 a6 9. Qd6 Qe7 10. Bf4 O-O 11. Qxe7 Nxe7 12. Bd6 Re8 13. f3 Nc6 14. O-O-O
b5 15. Be2 e5 16. Nd5 Nxd5 17. Rxd5 Nd4 18. Bd1 f6 19. c3 Ne6 20. b4 Bb7 21.
Rd2 Rac8 22. Kb2 Bc6 23. Bb3 Kh8 24. Rhd1 g5 25. Bc5 Nxc5 26. bxc5 Re7 27. Rd6
Kg7 28. Bd5 Rc7 29. Bxc6 dxc6 30. Rd8 Kf7 31. R1d6 Kg7 32. Ra8 Kf7 33. Rxa6 Re6
34. Kb3 Ke7 35. Rd2 Kf7 36. Kb4 Ree7 37. Ka5 Red7 38. Rxd7+ Rxd7 39. Rxc6 Rd2
40. Rd6 Rxg2 41. c6 Ke7 42. Rd3 1-0

[Event "Vancouver March op"]
[Site "Vancouver CAN"]
[Date "2002.03.03"]
[Round "5"]
[White "Daswani, Benedict"]
[Black "Harper, Bruce"]
[Result "0-1"]
[WhiteElo "1818"]
[BlackElo "2346"]
[PlyCount "78"]
[EventDate "2002.03.01"]
[EventType "swiss"]
[EventRounds "5"]
[EventCountry "CAN"]
[Source "CFC"]
[SourceDate "2002.12.??"]

1. d4 g6 2. c4 d6 3. Nc3 Bg7 4. e4 Nd7 5. Be3 e5 6. d5 Ne7 7. Bd3 O-O 8. Nge2
f5 9. f3 Nf6 10. Qd2 c5 11. O-O-O a6 12. h4 Bd7 13. Kb1 Qa5 14. exf5 gxf5 15.
Ne4 Qxd2 16. Nxf6+ Bxf6 17. Bxd2 b5 18. Rdg1 Rab8 19. b3 e4 20. fxe4 fxe4 21.
Bxe4 bxc4 22. Kc2 cxb3+ 23. axb3 Be5 24. Rf1 Bb5 25. Rxf8+ Rxf8 26. Nc3 Nf5 27.
Nxb5 axb5 28. Kd3 Nd4 29. b4 Ra8 30. Ke3 Ra3+ 31. Kf2 Ra2 32. Ke3 Nb3 33. Rd1
Bd4+ 34. Ke2 Bc3 35. bxc5 Nxd2 36. Ke3 Nxe4 37. Kxe4 dxc5 38. d6 Rd2 39. Rc1 b4
0-1